AH International Schools' Libraries

What do you know about the phone? (KHMER) / (Record no. 48919)

MARC details
000 -LEADER
fixed length control field 00305nam a2200109 4500
020 ## - INTERNATIONAL STANDARD BOOK NUMBER
International Standard Book Number 9789924320838
100 ## - MAIN ENTRY--PERSONAL NAME
Personal name Chou, Cheanet
9 (RLIN) 86311
245 ## - TITLE STATEMENT
Title What do you know about the phone? (KHMER) /
Statement of responsibility, etc Cheanet Chou
260 ## - PUBLICATION, DISTRIBUTION, ETC. (IMPRINT)
Place of publication, distribution, etc Cambodia
Name of publisher, distributor, etc Lets Read
Date of publication, distribution, etc 2024
300 ## - PHYSICAL DESCRIPTION
Extent 18 p.
Other physical details col. ill.
Dimensions 21 cm.
942 ## - ADDED ENTRY ELEMENTS (KOHA)
Source of classification or shelving scheme
Koha item type Book
Holdings
Withdrawn status Lost status Source of classification or shelving scheme Damaged status Not for loan Collection code Home library Current library Shelving location Date acquired Total Checkouts Full call number Barcode Date last seen Date checked out Price effective from Koha item type
          Siem Riep Asian Hope Primary Library Asian Hope Primary Library Non Fiction 05/13/2025 16 KHMER 000.167 CHO 208132 04/22/2026 04/08/2026 05/13/2025 Book

For any Logos Library related questions please contact Miss Art at swongnarasuk@asianhope.org.

For any Asian Hope Library related questions please contact Miss Raza at graza@asianhope.org.

Click here to explore our ebooks!

Powered by Koha